00701nam a2200217Ia 450000500170000000800410001702000150005804100080007308200170008124500820009825000220018030000260020265000370022865000400026570000240030526400310032933600270036033700330038733800280042004000350044820220316235751.0121119s2000 sp gr 000 0 spa  a843958346X0 aspa04a909.82 bH3700aHistoria del Siglo XXcredacción de textos, Ignacio González ... [et al.] aPrimera edición a239 páginas c28 cm14aHistoria modernaySiglo XX2LEMB14aHistoria universal ySiglo XX2LEMB1 aGonzález, Ignacio aBarcelona bPlaneta c2000 atextobtxt2rdacontent asin mediaciónbn2rdamedia avolumenbnc2rdacarrier aCO-BoRNBPbspaerdacCO-BoRNBP